000 00238nam a2200097Ia 4500
008 170619s9999 xx 000 0 und d
100 _aHillman David
245 0 _aMultimedia Technology and Application
260 _bGalgotia Pub.
260 _c1998
546 _aENGLISH
999 _c17410
_d17410